Reformas a la Ley de Concesión de Obra Pública: los nuevos retos para el país /

Saved in:
Bibliographic Details
Main Author: Ruiz Gutiérrez, Marco Vinicio
Format: Text
Subjects:
Tags: Add Tag
No Tags, Be the first to tag this record!

MARC

LEADER 00000 a a2200000 04500
001 17079
003
040
100 |a Ruiz Gutiérrez, Marco Vinicio  
245 |a Reformas a la Ley de Concesión de Obra Pública:   |b los nuevos retos para el país /  |c Marco Vinicio Ruiz Gutiérrez 
650 |a OBRAS PUBLICAS  
650 |a LICITACION  
650 |a INFRAESTRUCTURA FISICA  
650 |a SERVICIOS PUBLICOS  
650 |a SECTOR PRIVADO  
650 |a LEGISLACION  
773 |g volumen 6, número 2; páginas 187-191  
999 |c 39791  |d 39791